000
00318nam a22001457a 4500
008
230516b ||||| |||| 00| 0 eng d
020
_a
9780324668490
041
_a
eng
080
_a
338
082
_a
338DAF
100
_a
23
101
_a
MANAG
245
_a
PRINCIPLES OF MANAGEMENT
_c
DAFT.L.R
942
_2
udc
_c
BK
999
_c
59734
_d
59734